[Event "GER-ch Seniors 50 34th"]
[Site "Magdeburg"]
[Date "2022.08.12"]
[Round "1"]
[White "Noldt, Torsten"]
[Black "Raitza, Olaf"]
[Result "0-1"]
[WhiteElo "1965"]
[BlackElo "2289"]
[PlyCount "72"]
[EventDate "2022.08.12"]
[EventType "swiss"]
[EventRounds "9"]
[EventCountry "GER"]
[SourceTitle "CBM 209 Extra"]
[Source "ChessBase"]
[SourceDate "2022.09.30"]
[SourceVersion "1"]
[SourceVersionDate "2022.09.30"]
[SourceQuality "1"]

1. Nf3 Nf6 2. c4 e6 3. b3 d5 4. e3 c5 5. Bb2 Nc6 6. Be2 d4 7. d3 e5 8. exd4 exd4 9. 0-0 Bd6 10. Re1 0-0 11. Nbd2 h6 12. a3 a5 13. h3 g5 14. Ne4 Nxe4 15. dxe4 f5 16. e5 Bxe5 17. Nxe5 Nxe5 18. Bh5 Qd6 19. Qe2 Nc6 20. Bf3 Bd7 21. Bd5+ Kg7 22. Bxc6 Bxc6 23. Qe5+ Qxe5 24. Rxe5 b6 25. Re6 Rf6 26. Re7+ Kf8 27. Rae1 Re8 28. Rxe8+ Bxe8 29. Re5 f4 30. b4 Rc6 31. bxa5 bxa5 32. Rf5+ Bf7 33. a4 Rb6 34. Ba3 Rb1+ 35. Kh2 d3 36. Rxc5 Kg7 0-1

[Event "GER-ch Net Amateur Gr-A Vor2"]
[Site "Playchess.com INT"]
[Date "2020.04.15"]
[Round "2"]
[White "Noldt, Torsten"]
[Black "Sieber, Heiko"]
[Result "1-0"]
[WhiteElo "1618"]
[BlackElo "1856"]
[PlyCount "137"]
[EventDate "2020.04.15"]
[EventType "swiss (blitz)"]
[EventRounds "9"]
[EventCountry "GER"]
[SourceTitle "CBM 196 Extra"]
[Source "ChessBase"]
[SourceDate "2020.07.31"]
[SourceVersion "1"]
[SourceVersionDate "2020.07.31"]
[SourceQuality "1"]

1. Nf3 d5 2. c4 d4 3. g3 c5 4. b4 cxb4 5. a3 bxa3 6. Bxa3 Nc6 7. Bg2 e5 8. Bxf8 Kxf8 9. 0-0 Nge7 10. d3 g6 11. Nbd2 Kg7 12. Qb3 Rb8 13. Rfb1 h6 14. Qa3 b6 15. Ne1 Be6 16. Nc2 Qc7 17. Nb4 a5 18. Na6 Qd7 19. Nxb8 Rxb8 20. Rb2 Nb4 21. Qa4 Qc7 22. Qb3 f5 23. Rc1 Qc5 24. Qa3 Nec6 25. Nb3 Qd6 26. c5 bxc5 27. Nxc5 Bd5 28. Bxd5 Qxd5 29. Qb3 Qxb3 30. Rxb3 Rb5 31. Ne6+ Kf6 32. Nc7 Rb7 33. Rxc6+ Ke7 34. Nd5+ Kd7 35. Nxb4 axb4 36. Rxg6 Rb5 37. Rxh6 e4 38. dxe4 fxe4 39. Rh4 d3 40. exd3 exd3 41. Rd4+ Kc6 42. Rdxd3 Kc5 43. Rf3 Kc4 44. Kf1 Rb8 45. h4 Ra8 46. Rb1 Rb8 47. h5 Rb6 48. Rf4+ Kc3 49. h6 Rxh6 50. Rfxb4 Rh1+ 51. Ke2 Rh7 52. R1b3+ Kc2 53. Ra3 Re7+ 54. Kf3 Rf7+ 55. Kg2 Rd7 56. g4 Rd5 57. f4 Rd8 58. g5 Rd5 59. Kg3 Rd8 60. Kg4 Rd5 61. f5 Rd8 62. f6 Rd7 63. g6 Rd6 64. Kg5 Rd5+ 65. Kh6 Rd8 66. f7 Rc8 67. Kg7 Rc7 68. Kg8 Rc6 69. g7 1-0

[Event "GER-ch Net Amateur Gr-A Vor2"]
[Site "Playchess.com INT"]
[Date "2020.04.15"]
[Round "6"]
[White "Schmaelzle, Claudia"]
[Black "Noldt, Torsten"]
[Result "0-1"]
[WhiteElo "1882"]
[BlackElo "1658"]
[PlyCount "126"]
[EventDate "2020.04.15"]
[EventType "swiss (blitz)"]
[EventRounds "9"]
[EventCountry "GER"]
[SourceTitle "CBM 196 Extra"]
[Source "ChessBase"]
[SourceDate "2020.07.31"]
[SourceVersion "1"]
[SourceVersionDate "2020.07.31"]
[SourceQuality "1"]

1. e4 d6 2. d4 Nf6 3. Nc3 g6 4. Bg5 h6 5. Bh4 Bg7 6. e5 Nfd7 7. f4 c5 8. exd6 f6 9. dxc5 Nxc5 10. dxe7 Qxe7+ 11. Qe2 Qxe2+ 12. Bxe2 0-0 13. Nd5 Nba6 14. b4 Nxb4 15. Nxb4 f5 16. Bc4+ Kh7 17. Ne2 Bxa1 18. Be7 Re8 19. Bxc5 b6 20. Bd6 Bb7 21. 0-0 Re4 22. Bd3 Re6 23. Be5 Bxe5 24. fxe5 Rxe5 25. Nf4 a5 26. Rb1 axb4 27. Rxb4 Rxa2 28. Rxb6 Be4 29. Nxg6 Re8 30. Bb5 Rg8 31. Nf4 Rg4 32. g3 h5 33. Kf2 Rxc2+ 34. Ke3 Rc3+ 35. Kd4 Rc7 36. Ke5 h4 37. Kf6 Rc8 38. Re6 hxg3 39. Re7+ Kh6 40. hxg3 Rf8+ 41. Ke5 Rxg3 42. Bd7 Re3 43. Re6+ Kh7 44. Re7+ Kh6 45. Re6+ Kg5 46. Rg6+ Kh4 47. Rh6+ Kg3 48. Rg6+ Kf3 49. Kd4 Rd8 50. Rd6 Bb1 51. Nh3 Kg3 52. Ng5 Re1 53. Ne6 Rxe6 54. Rxe6 Rxd7+ 55. Ke5 f4 56. Rg6+ Kf3 57. Rf6 Re7+ 58. Kd6 Re8 59. Kd7 Re2 60. Kd6 Kg3 61. Kd5 f3 62. Re6 Rxe6 63. Kxe6 f2 0-1

[Event "GER-ch Seniors 50 31st"]
[Site "Radebeul"]
[Date "2019.04.30"]
[Round "5"]
[White "Noldt, Torsten"]
[Black "Wagner, Bernd1111"]
[Result "1-0"]
[WhiteElo "2013"]
[BlackElo "1948"]
[PlyCount "105"]
[EventDate "2019.04.26"]
[EventType "swiss"]
[EventRounds "9"]
[EventCountry "GER"]
[SourceTitle "CBM 190 Extra"]
[Source "ChessBase"]
[SourceDate "2019.07.15"]
[SourceVersion "1"]
[SourceVersionDate "2019.07.15"]
[SourceQuality "1"]

1. Nf3 g6 2. d4 Bg7 3. Bf4 Nf6 4. e3 0-0 5. h3 c5 6. c3 d6 7. Bd3 Qb6 8. Qc2 Nc6 9. 0-0 Re8 10. Nbd2 Bd7 11. Bh2 Rec8 12. Nc4 Qd8 13. dxc5 dxc5 14. Rad1 Qe8 15. a4 Be6 16. Ng5 Bxc4 17. Bxc4 e6 18. Rd2 Na5 19. Bb5 Nc6 20. Rfd1 h6 21. Ne4 Nxe4 22. Qxe4 a6 23. Bxc6 Qxc6 24. Qxc6 Rxc6 25. a5 b6 26. Rd7 bxa5 27. Rb7 f5 28. Rdd7 Bf6 29. Bb8 Rc8 30. Bd6 Rc6 31. Be7 Bxe7 32. Rxe7 Rd6 33. Rg7+ Kh8 34. Rxg6 Rad8 35. Rxh6+ Kg8 36. Rg6+ Kf8 37. h4 e5 38. Rgg7 Rb8 39. g3 a4 40. Rgc7 Rd1+ 41. Kg2 Rxb7 42. Rxb7 Rb1 43. Ra7 Rxb2 44. Rxa6 Rb3 45. Rxa4 Rxc3 46. Ra7 c4 47. Rc7 Rc2 48. Rc5 Kf7 49. Rxe5 Kf6 50. Rc5 c3 51. h5 Rc1 52. h6 c2 53. Rc7 1-0

[Event "GER-ch Seniors 50 31st"]
[Site "Radebeul"]
[Date "2019.04.26"]
[Round "1"]
[White "Noldt, Torsten"]
[Black "Belke, Frank"]
[Result "0-1"]
[WhiteElo "2013"]
[BlackElo "2283"]
[PlyCount "36"]
[EventDate "2019.04.26"]
[EventType "swiss"]
[EventRounds "9"]
[EventCountry "GER"]
[SourceTitle "CBM 190 Extra"]
[Source "ChessBase"]
[SourceDate "2019.07.15"]
[SourceVersion "1"]
[SourceVersionDate "2019.07.15"]
[SourceQuality "1"]

1. Nf3 Nf6 2. g3 g6 3. Bg2 Bg7 4. 0-0 0-0 5. c4 d5 6. cxd5 Nxd5 7. Nc3 c5 8. Nxd5 Qxd5 9. d3 Nc6 10. Ng5 Qd7 11. Rb1 h6 12. Ne4 b6 13. Be3 Bb7 14. Qa4 Rad8 15. Bxc5 f5 16. Qb3+ Kh7 17. Be3 fxe4 18. dxe4 Na5 0-1

[Event "GER-ch Seniors 50"]
[Site "Hamburg"]
[Date "2018.07.29"]
[Round "9"]
[White "Noldt, Torsten"]
[Black "Gauer, Jakob"]
[Result "1/2-1/2"]
[WhiteElo "2023"]
[BlackElo "1758"]
[PlyCount "66"]
[EventDate "2018.07.21"]
[EventType "swiss"]
[EventRounds "9"]
[EventCountry "GER"]
[SourceTitle "CBM 186 Extra"]
[Source "ChessBase"]
[SourceDate "2018.08.24"]
[SourceVersion "1"]
[SourceVersionDate "2018.08.24"]
[SourceQuality "1"]

1. Nf3 d5 2. g3 e6 3. Bg2 Nf6 4. 0-0 g6 5. d3 Bg7 6. c4 c6 7. Qc2 0-0 8. e4 d4 9. Bg5 h6 10. Bf4 Nh5 11. Qd2 Nxf4 12. Qxf4 c5 13. Na3 a6 14. Nc2 Nc6 15. Qd2 e5 16. b4 b6 17. Rab1 Qc7 18. Nh4 Bb7 19. f4 exf4 20. gxf4 Qe7 21. Nf3 Rab8 22. bxc5 bxc5 23. Na1 Ba8 24. a3 Rb7 25. Qc2 Rfb8 26. e5 Rxb1 27. Rxb1 Qa7 28. Nb3 a5 29. Nbd2 Rxb1+ 30. Qxb1 g5 31. fxg5 hxg5 32. Qb5 Qe7 33. Ne4 Nxe5 1/2-1/2

[Event "Schleswig Holstein-ch Meisterklasse"]
[Site "Ratzeburg"]
[Date "2017.04.13"]
[Round "8.3"]
[White "Frohberg, Marco"]
[Black "Noldt, Torsten"]
[Result "1-0"]
[WhiteElo "2201"]
[BlackElo "1996"]
[PlyCount "159"]
[EventDate "2017.04.13"]
[EventType "tourn"]
[EventRounds "9"]
[EventCountry "GER"]
[SourceTitle "EXT 2022"]
[Source "ChessBase"]
[SourceDate "2021.10.06"]
[SourceVersion "1"]
[SourceVersionDate "2021.10.06"]
[SourceQuality "1"]

1. Nf3 Nf6 2. c4 c5 3. g3 b6 4. Bg2 Bb7 5. 0-0 g6 6. b3 Bg7 7. Bb2 0-0 8. Nc3 e6 9. e3 d5 10. Ne5 Nbd7 11. f4 Nxe5 12. fxe5 Ne4 13. Nxe4 dxe4 14. d4 Qg5 15. Qe2 Rad8 16. Rae1 f5 17. exf6 Bxf6 18. Bh3 Bc8 19. Ba3 cxd4 20. Bxf8 d3 21. Qf2 Rxf8 22. Qf4 Qe5 23. Qxe5 Bxe5 24. Bg2 Bb7 25. Bh3 Bc8 26. Rd1 g5 27. Bg2 Bb7 28. Bh3 Bc8 29. Bg4 Bd7 30. Bh5 Be8 31. Rxf8+ Kxf8 32. Bxe8 Kxe8 33. b4 a6 34. a4 Bd6 35. a5 bxa5 36. bxa5 Bb4 37. Kf2 Kd7 38. Rb1 Bxa5 39. Ra1 Bb6 40. Rxa6 Kc6 41. Ra4 h6 42. Rb4 Ba7 43. Rb5 Bc5 44. g4 Bd6 45. h3 Bc5 46. Rb8 Bd6 47. Rc8+ Kd7 48. Rh8 Bg3+ 49. Kf1 Kd6 50. Rxh6 Ke5 51. Rg6 Bh4 52. Rg8 Kd6 53. Rd8+ Kc5 54. Rd4 Kb4 55. c5+ Kxc5 56. Rxe4 e5 57. Rxe5+ Kc4 58. Re8 Kc3 59. Rc8+ Kd2 60. e4 Bg3 61. Rc5 Ke3 62. Rxg5 Kxe4 63. Rg8 Bh4 64. Rg7 Ke3 65. Rd7 d2 66. Rd6 Bg5 67. Re6+ Kf3 68. Rd6 Ke3 69. Kg2 Ke2 70. Kg3 d1Q 71. Rxd1 Kxd1 72. h4 Bd2 73. g5 Ke2 74. Kg4 Kd3 75. Kf5 Kd4 76. h5 Kd5 77. h6 Kd6 78. Kf6 Kd7 79. h7 Bc1 80. g6 1-0

[Event "Schleswig Holstein-ch Meisterklasse"]
[Site "Ratzeburg"]
[Date "2017.04.13"]
[Round "5.5"]
[White "Noldt, Torsten"]
[Black "Moeller, Dustin"]
[Result "1/2-1/2"]
[WhiteElo "1996"]
[BlackElo "2060"]
[PlyCount "66"]
[EventDate "2017.04.13"]
[EventType "tourn"]
[EventRounds "9"]
[EventCountry "GER"]
[SourceTitle "EXT 2022"]
[Source "ChessBase"]
[SourceDate "2021.10.06"]
[SourceVersion "1"]
[SourceVersionDate "2021.10.06"]
[SourceQuality "1"]

1. c4 e5 2. Nc3 Nf6 3. g3 d5 4. cxd5 Nxd5 5. Bg2 Nb6 6. d3 Be7 7. Be3 0-0 8. Rc1 Re8 9. Nf3 Nc6 10. 0-0 Bf8 11. Ne4 Nd4 12. Nxd4 exd4 13. Bf4 c6 14. Bf3 Nd5 15. Bd2 f5 16. Nc5 b6 17. Nb3 c5 18. e4 Nc7 19. Bf4 Ne6 20. Bd2 Ng5 21. Bxg5 Qxg5 22. e5 Rb8 23. Bd5+ Be6 24. f4 Qd8 25. Bxe6+ Rxe6 26. Qf3 Qd7 27. Nd2 Qc6 28. Qxc6 Rxc6 29. Nf3 Rbc8 30. Kg2 a5 31. Rc2 b5 32. a4 Rd8 33. Ra1 Rb6 1/2-1/2

[Event "Schleswig Holstein-ch M"]
[Site "Eckernfoerde"]
[Date "2016.03.25"]
[Round "9"]
[White "Noldt, Torsten"]
[Black "Lorenzen, Sven"]
[Result "1/2-1/2"]
[WhiteElo "1988"]
[BlackElo "1977"]
[PlyCount "40"]
[EventDate "2016.03.19"]
[EventType "swiss"]
[EventRounds "9"]
[EventCountry "GER"]
[SourceTitle "EXT 2018"]
[Source "ChessBase"]
[SourceDate "2017.10.13"]
[SourceVersion "1"]
[SourceVersionDate "2017.10.13"]
[SourceQuality "1"]

1. d4 Nf6 2. c4 g6 3. Nc3 Bg7 4. e4 d6 5. f3 0-0 6. Be3 c6 7. Nge2 Qa5 8. Nc1 e5 9. Nb3 Qc7 10. d5 Nh5 11. Qd2 c5 12. 0-0-0 a6 13. Bh6 b5 14. h4 bxc4 15. Bxc4 a5 16. g4 Nf4 17. Bxg7 Kxg7 18. Ne2 a4 19. Na1 Nxe2+ 20. Bxe2 h6 1/2-1/2

[Event "Schleswig Holstein-ch M"]
[Site "Eckernfoerde"]
[Date "2016.03.23"]
[Round "6"]
[White "Noldt, Torsten"]
[Black "Hamann, Frank"]
[Result "1-0"]
[WhiteElo "1988"]
[BlackElo "2106"]
[PlyCount "111"]
[EventDate "2016.03.19"]
[EventType "swiss"]
[EventRounds "9"]
[EventCountry "GER"]
[SourceTitle "EXT 2018"]
[Source "ChessBase"]
[SourceDate "2017.10.13"]
[SourceVersion "1"]
[SourceVersionDate "2017.10.13"]
[SourceQuality "1"]

1. Nf3 Nc6 2. d4 d5 3. c4 Bg4 4. e3 e6 5. Nc3 Bb4 6. a3 Bxc3+ 7. bxc3 Nge7 8. Be2 0-0 9. 0-0 Ng6 10. h3 Bf5 11. a4 Na5 12. Ba3 Re8 13. Nd2 Nf8 14. f4 Nxc4 15. Nxc4 dxc4 16. Bxc4 Nd7 17. Qe2 Nf6 18. Bd3 Ne4 19. Qc2 Ng3 20. Rf3 Bxd3 21. Qxd3 Nf5 22. e4 Nh4 23. Rf2 f5 24. g4 fxe4 25. Qxe4 Qd5 26. Qd3 Rad8 27. Rb1 a6 28. Qg3 Qe4 29. Rbf1 Ng6 30. f5 Nh8 31. Qxc7 exf5 32. Qc4+ Qd5 33. Qxd5+ Rxd5 34. Rxf5 Rxf5 35. Rxf5 Ng6 36. Kf2 Rc8 37. Bb4 b6 38. a5 b5 39. d5 Nh4 40. Re5 Rd8 41. d6 Ng6 42. Rc5 Kf7 43. Rc7+ Kf6 44. Ra7 Ne5 45. Rxa6 Nd7 46. Ra7 Ke6 47. Rb7 Kd5 48. Rxb5+ Kc6 49. Rf5 g6 50. Rf7 h5 51. gxh5 gxh5 52. Ke3 Rg8 53. Kf4 Rg1 54. Rh7 Rf1+ 55. Kg3 Rf5 56. c4 1-0

[Event "Schleswig Holstein-ch M"]
[Site "Eckernfoerde"]
[Date "2016.03.22"]
[Round "5"]
[White "Lorenzen, Jan Hendrik"]
[Black "Noldt, Torsten"]
[Result "1/2-1/2"]
[WhiteElo "2016"]
[BlackElo "1988"]
[PlyCount "29"]
[EventDate "2016.03.19"]
[EventType "swiss"]
[EventRounds "9"]
[EventCountry "GER"]
[SourceTitle "EXT 2018"]
[Source "ChessBase"]
[SourceDate "2017.10.13"]
[SourceVersion "1"]
[SourceVersionDate "2017.10.13"]
[SourceQuality "1"]

1. Nf3 Nf6 2. c4 g6 3. Nc3 c5 4. g3 Bg7 5. Bg2 0-0 6. 0-0 Nc6 7. d3 d5 8. cxd5 Nxd5 9. Nxd5 Qxd5 10. Nd2 Qd7 11. Rb1 b6 12. a3 Bb7 13. b4 cxb4 14. axb4 Nd4 15. Bxb7 1/2-1/2

[Event "Schleswig Holstein-ch Seniors"]
[Site "Hanerau"]
[Date "2015.03.28"]
[Round "1"]
[White "Noldt, Torsten"]
[Black "Petri, Alexander"]
[Result "0-1"]
[WhiteElo "1993"]
[BlackElo "2167"]
[PlyCount "96"]
[EventDate "2015.03.28"]
[EventType "swiss"]
[EventRounds "9"]
[EventCountry "GER"]
[SourceTitle "EXT 2018"]
[Source "ChessBase"]
[SourceDate "2017.10.13"]
[SourceVersion "1"]
[SourceVersionDate "2017.10.13"]
[SourceQuality "1"]

1. d4 Nf6 2. Bf4 d5 3. e3 c5 4. c3 Nc6 5. Bd3 Qb6 6. Ne2 Qxb2 7. Nd2 e6 8. Rb1 Qa3 9. 0-0 Be7 10. Bc2 0-0 11. e4 dxe4 12. Nxe4 Nd5 13. Bc1 Qa6 14. dxc5 Ne5 15. Nf4 Rd8 16. Qh5 Ng6 17. Nxg6 hxg6 18. Qf3 f5 19. Ng5 Qxa2 20. Rb2 Qc4 21. Bb3 Qh4 22. Nh3 Qh5 23. Bxd5 Rxd5 24. Qg3 e5 25. c4 Rxc5 26. Qb3 f4 27. Rc2 Bxh3 28. gxh3 f3 29. Kh1 Qxh3 30. Rg1 Rd8 31. Rc3 e4 32. Bf4 Bd6 33. Bg3 Bxg3 34. Rxg3 Qf1+ 35. Rg1 Qxf2 36. Rc2 Rd2 37. Rxd2 Qxd2 38. Qa4 Rg5 39. Qxa7 Rg2 40. Qb8+ Kh7 41. Rb1 Re2 42. Qg3 Qh6 43. Rf1 Rc2 44. Re1 Rxc4 45. Qf2 Rc1 46. Rf1 b5 47. Qg1 Rc2 48. Rf2 Rxf2 0-1

[Event "Schleswig Holstein-ch Seniors"]
[Site "Leck"]
[Date "2014.04.14"]
[Round "4"]
[White "Noldt, Torsten"]
[Black "Schaper, Jan Erik"]
[Result "1-0"]
[WhiteElo "1997"]
[BlackElo "1890"]
[PlyCount "21"]
[EventDate "2014.04.12"]
[EventType "swiss"]
[EventRounds "9"]
[EventCountry "GER"]
[SourceTitle "EXT 2018"]
[Source "ChessBase"]
[SourceDate "2017.10.13"]
[SourceVersion "1"]
[SourceVersionDate "2017.10.13"]
[SourceQuality "1"]

1. Nf3 c6 2. d4 d5 3. Bf4 Bf5 4. e3 Qb6 5. Qc1 e6 6. Nbd2 Nf6 7. Bd3 Bxd3 8. cxd3 c5 9. dxc5 Bxc5 10. d4 Bd6 11. Qc8+ 1-0

[Event "Schleswig Holstein-ch Seniors"]
[Site "Leck"]
[Date "2014.04.13"]
[Round "2"]
[White "Noldt, Torsten"]
[Black "Moysich, Dirk"]
[Result "1-0"]
[WhiteElo "1997"]
[BlackElo "1870"]
[PlyCount "79"]
[EventDate "2014.04.12"]
[EventType "swiss"]
[EventRounds "9"]
[EventCountry "GER"]
[SourceTitle "EXT 2018"]
[Source "ChessBase"]
[SourceDate "2017.10.13"]
[SourceVersion "1"]
[SourceVersionDate "2017.10.13"]
[SourceQuality "1"]

1. Nf3 d6 2. d4 Nf6 3. Bf4 Nh5 4. e3 Nxf4 5. exf4 g6 6. Bc4 Bg7 7. c3 0-0 8. Nbd2 c5 9. dxc5 dxc5 10. Ne5 e6 11. Qf3 Nd7 12. Qe3 Qe7 13. 0-0 Nb6 14. Rad1 Rd8 15. Bb3 Bd7 16. Ne4 c4 17. Nxc4 Nxc4 18. Bxc4 Bc6 19. Ng5 b5 20. Bb3 a5 21. Qb6 Be8 22. Rfe1 a4 23. Bc2 a3 24. Rxd8 Rxd8 25. bxa3 Bxc3 26. Rb1 Rd2 27. Bb3 Bd4 28. Qa6 Rxf2 29. Kh1 Rxf4 30. Nf3 Qa7 31. Qc8 Qd7 32. Qb8 Re4 33. Rc1 Ba7 34. Qa8 Re3 35. Rd1 Qc6 36. Qxa7 Rxf3 37. gxf3 Qxf3+ 38. Kg1 Bc6 39. Qb8+ Kg7 40. Qg3 1-0